000 01696 a2200229 4500
001 59201
005 20260407155846.0
008 260407a2009 arg spa d
003 AR-UNSa-BCEJYS
040 _aAR-UNSa-BCEJYS
_bspa
_cAR-UNSa-BCEJYS
080 _a331.5
_xMercado de Trabajo. Empleo
245 1 0 _aEl nuevo escenario laboral latinoamericano
_pregulación, protección y políticas activas en los mercados de trabajo
020 _a978-987-629-087-6
264 1 _aBuenos Aires :
_bSiglo XXI Editores Argentina
_c2009
300 _a318 p.
_c23 cm.
505 _a1. Avances y retos para el perfeccionamiento de la institucionalidad laboral en América Latina / Jürgen Weller - 2. El modelo danés de "flexiguridad" y las lecciones pertinentes para América Latina / Henning Jorgensen - 3. Flexibilidad laboral y seguridad del trabajador: una perspectiva argentina / Adrián Goldin - 4. Flexibilidad y seguridad en el mercado de trabajo: en busca de alternativas para mejorar la protección social de los trabajadores brasileños / José Paulo Zeetano Chahad - 5. Flexibilidad, protección y políticas activas en Chile / Mario D. Velásquez Pinto - 6. México: las dimensiones de la flexiguridad laboral / Clemente Ruiz Durán - 7. Retos pendientes para implementar la flexiguridad en el Perú / Jorge Toyama Miyagusuku, en colaboración con Victoria Rosas Chavéz y Marta Tostes Vieira - 8. Flexiguridad con informalidad : opciones y restricciones / Víctor E. Tokman
041 _aspa
942 _cBK
590 _aniveau_biblio:m niveau_hierar:0
100 1 _aWeller, Jürgen
856 4 1 _uhttps://biblioeco.unsa.edu.ar/pmb/images/libros/L129017.jpg
_yImagen de portada
_qimage/jpeg
999 _c6620
_d6620